La peinture prehistorique Lascaux ou la naissance de l'art
Saved in:
| Hovedforfatter: | |
|---|---|
| Format: | Bog |
| Sprog: | fransk |
| Udgivet: |
Ginebra
Skira
1955
|
| Serier: | Les Grands Siecles de la Peinture
|
| Fag: | |
| Tags: |
Tilføj Tag
Ingen Tags, Vær først til at tagge denne postø!
|
MARC
| LEADER | 00000nam a2200000 a 4500 | ||
|---|---|---|---|
| 001 | UCV9683 | ||
| 003 | CL-VaPUC | ||
| 008 | 930318e19550000SZ |||||||||||||||||fre|d | ||
| 082 | 0 | 4 | |a 759.01 |b BAT |2 21 |
| 100 | 0 | |a Bataille, Georges |e author |9 303702 | |
| 245 | 1 | 3 | |a La peinture prehistorique Lascaux ou la naissance de l'art |
| 300 | |a 149 p | ||
| 942 | |c BK | ||
| 945 | |d 19930318 00:00:00 | ||
| 260 | |a Ginebra |b Skira |c 1955 | ||
| 650 | 7 | |a PINTURA PREHISTORICA |2 CL-VaPUC |9 268536 | |
| 583 | |a last modification |c 19930318 00:00:00 |k Rodrigo Vera | ||
| 490 | 0 | |a Les Grands Siecles de la Peinture | |
| 999 | |c 214984 |d 214982 | ||
| 952 | |0 0 |1 0 |4 0 |6 759_010000000000000_BAT_1955 |7 0 |8 F |9 198860 |a BIBARQ |b BIBARQ |d 2019-11-14 |i 2662353 |l 2 |o 759.01 BAT 1955 |p 2662353 |r 2025-01-20 |s 2022-04-22 |w 2019-11-14 |y BK_F |k ARQ | ||